[Event "HUN-chT2 Barcza 1718"]
[Site "Hungary"]
[Date "2017.10.29"]
[Round "3.9"]
[White "Gunyecz, Zoltan"]
[Black "Csatari, Laszlo"]
[Result "1-0"]
[WhiteElo "1964"]
[BlackElo "1781"]
[PlyCount "161"]
[EventDate "2017.09.24"]
[EventType "team-tourn"]
[EventRounds "11"]
[EventCountry "HUN"]
[SourceTitle "EXT 2021"]
[Source "ChessBase"]
[SourceDate "2020.10.23"]
[SourceVersion "1"]
[SourceVersionDate "2020.10.23"]
[SourceQuality "1"]
[WhiteTeam "Nyiregyhaza SISE"]
[BlackTeam "Debrecen Sakkbaratok"]
[WhiteTeamCountry "HUN"]
[BlackTeamCountry "HUN"]

1. d4 Nf6 2. c4 g6 3. Nf3 Bg7 4. Bg5 Ne4 5. Bf4 c5 6. Be5 Bxe5 7. dxe5 Qa5+ 8. Nbd2 Nc6 9. e3 g5 10. h3 h5 11. Bd3 Nxd2 12. Qxd2 Qxd2+ 13. Kxd2 b6 14. Be4 Bb7 15. g4 0-0-0 16. Ke2 Rdg8 17. Rag1 Kc7 18. Bd5 Rg7 19. e4 Ba6 20. Bxc6 Bxc4+ 21. Ke3 Kxc6 22. b3 Be6 23. gxh5 Rxh5 24. h4 g4 25. Ng5 f6 26. exf6 exf6 27. Nxe6 dxe6 28. Kf4 e5+ 29. Kg3 f5 30. exf5 Rxf5 31. Re1 Kd6 32. Re4 Rf3+ 33. Kg2 Rf4 34. Re3 Rgf7 35. Re2 Rh7 36. Kg3 Rh5 37. Rd1+ Ke6 38. Rd8 Rhf5 39. Re8+ Kf6 40. Rg8 Rf3+ 41. Kg2 R3f4 42. Rd2 Rd4 43. Re2 Rh5 44. Kg3 Kf5 45. Rf8+ Kg6 46. Ra8 Rd3+ 47. Re3 Rxe3+ 48. fxe3 Kf5 49. Rxa7 Rh6 50. Ra4 e4 51. Ra8 Rf6 52. Re8 b5 53. Rc8 Ke6 54. Rc6+ Ke7 55. Rxc5 Rf3+ 56. Kxg4 Rxe3 57. Rxb5 Kf6 58. Kf4 Re2 59. a4 e3 60. Rb4 Re1 61. Kf3 Kf5 62. Rf4+ Kg6 63. Re4 Kf5 64. Rxe3 Rh1 65. Ke2 Rxh4 66. Kd3 Rb4 67. Kc3 Rb7 68. b4 Kf4 69. Re8 Rc7+ 70. Kb3 Rc1 71. a5 Rb1+ 72. Ka4 Ra1+ 73. Kb5 Rg1 74. a6 Rg5+ 75. Kb6 Rg6+ 76. Ka5 Rg1 77. b5 Rg7 78. Rc8 Ke4 79. Kb6 Kd5 80. a7 Rg6+ 81. Kb7 1-0

[Event "HUN-chT2 Barcza 1617"]
[Site "Hungary"]
[Date "2016.09.25"]
[Round "1.12"]
[White "Venter, Mate"]
[Black "Csatari, Laszlo"]
[Result "0-1"]
[WhiteElo "1739"]
[BlackElo "1777"]
[PlyCount "112"]
[EventDate "2016.09.25"]
[EventType "team-tourn"]
[EventRounds "11"]
[EventCountry "HUN"]
[SourceTitle "EXT 2021"]
[Source "ChessBase"]
[SourceDate "2020.10.23"]
[SourceVersion "1"]
[SourceVersionDate "2020.10.23"]
[SourceQuality "1"]
[WhiteTeam "Hajduboszormeny"]
[BlackTeam "Debrecen Sakkbaratok"]
[WhiteTeamCountry "HUN"]
[BlackTeamCountry "HUN"]

1. d4 Nf6 2. c4 g6 3. Nf3 Bg7 4. e3 0-0 5. Nc3 d6 6. Be2 Nbd7 7. 0-0 c5 8. Qc2 b6 9. d5 a6 10. e4 Rb8 11. h3 h6 12. Bf4 Ne8 13. Bd3 Nc7 14. a4 Re8 15. Rfe1 e5 16. Bg3 Nf6 17. Rab1 Nh5 18. b4 Nxg3 19. fxg3 Bd7 20. b5 a5 21. Rf1 Qe7 22. Rf2 Rf8 23. Rbf1 Ne8 24. Ne2 h5 25. Qd2 Nf6 26. Nh4 Nh7 27. Kh2 Ng5 28. Ng1 Bh6 29. Qe2 Kg7 30. Ngf3 Nh7 31. Ng1 Rbe8 32. Qf3 Bg5 33. Qe2 Bxh4 34. gxh4 Qxh4 35. g3 Qe7 36. Qe1 Ng5 37. h4 Nh7 38. Be2 Kg8 39. Qd2 Kg7 40. Qe1 Rd8 41. Bf3 Nf6 42. Kg2 Ng4 43. Bxg4 Bxg4 44. Qe3 f6 45. Nh3 Qd7 46. Ng1 Rf7 47. Kh2 Rdf8 48. Nf3 Bxf3 49. Rxf3 Qg4 50. Qe1 f5 51. Re3 f4 52. gxf4 Rxf4 53. Rxf4 Rxf4 54. Rg3 Qxh4+ 55. Kg2 Rxe4 56. Qg1 Qxg3+ 0-1

[Event "HUN-chT2 Barcza 1516"]
[Site "Hungary"]
[Date "2016.04.03"]
[Round "10.12"]
[White "Csatari, Laszlo"]
[Black "Gal, Marcell"]
[Result "1-0"]
[WhiteElo "1780"]
[BlackElo "1158"]
[PlyCount "75"]
[EventDate "2015.09.13"]
[EventType "team-tourn"]
[EventRounds "11"]
[EventCountry "HUN"]
[SourceTitle "EXT 2017"]
[Source "ChessBase"]
[SourceDate "2016.10.25"]
[SourceVersion "1"]
[SourceVersionDate "2016.10.25"]
[SourceQuality "1"]
[WhiteTeam "Debrecen Sakkbaratok"]
[BlackTeam "SSASSE"]
[WhiteTeamCountry "HUN"]
[BlackTeamCountry "HUN"]

1. d4 d5 2. c4 c6 3. Nf3 Nf6 4. e3 Bg4 5. h3 Bh5 6. cxd5 cxd5 7. Nc3 Nc6 8. Qb3 Bxf3 9. Qxb7 Qc8 10. Qxc8+ Rxc8 11. gxf3 e6 12. Ba6 Rb8 13. Bb5 Rc8 14. a3 Be7 15. e4 0-0 16. Be3 Rfd8 17. e5 Nd7 18. Rc1 Ndb8 19. f4 f6 20. 0-0 Kf7 21. b4 a6 22. Be2 g6 23. Na4 Na7 24. Nc5 Bxc5 25. Rxc5 f5 26. Rfc1 Rc6 27. Rxc6 Naxc6 28. Bxa6 Nxa6 29. Rxc6 Ra8 30. b5 Nb8 31. Rc7+ Ke8 32. b6 Nd7 33. b7 Rb8 34. Bd2 Rd8 35. Bb4 h6 36. a4 Nb6 37. Re7+ Kf8 38. Rd7+ 1-0

[Event "HUN-chT2 Maroczy 1314"]
[Site "Hungary"]
[Date "2014.04.13"]
[Round "10"]
[White "Terbe, Zsuzsanna"]
[Black "Csatari, Laszlo"]
[Result "1-0"]
[WhiteElo "1944"]
[BlackElo "1628"]
[PlyCount "23"]
[EventDate "2013.09.08"]
[EventType "team-tourn"]
[EventRounds "11"]
[EventCountry "HUN"]
[SourceTitle "EXT 2016"]
[Source "ChessBase"]
[SourceDate "2015.10.08"]
[SourceVersion "1"]
[SourceVersionDate "2015.10.08"]
[SourceQuality "1"]
[WhiteTeam "Szigetszentmiklos"]
[BlackTeam "Debrecen SBK"]
[WhiteTeamCountry "HUN"]
[BlackTeamCountry "HUN"]

1. d4 Nf6 2. Bf4 e6 3. e3 d5 4. Nf3 Bd6 5. Ne5 0-0 6. Bd3 Nbd7 7. 0-0 Nxe5 8. dxe5 Bxe5 9. Bxe5 Nd7 10. Bg3 Qf6 11. c3 c5 12. Nd2 1-0

[Event "HUN-chT2 Maroczy 1314"]
[Site "Hungary"]
[Date "2014.03.02"]
[Round "8"]
[White "Hargittay, Szabolcs"]
[Black "Csatari, Laszlo"]
[Result "1-0"]
[WhiteElo "2145"]
[BlackElo "1628"]
[PlyCount "51"]
[EventDate "2013.09.08"]
[EventType "team-tourn"]
[EventRounds "11"]
[EventCountry "HUN"]
[SourceTitle "EXT 2016"]
[Source "ChessBase"]
[SourceDate "2015.10.08"]
[SourceVersion "1"]
[SourceVersionDate "2015.10.08"]
[SourceQuality "1"]
[WhiteTeam "Budapest MLTC II"]
[BlackTeam "Debrecen SBK"]
[WhiteTeamCountry "HUN"]
[BlackTeamCountry "HUN"]

1. e4 e6 2. d3 d5 3. Nd2 c5 4. Ngf3 Nc6 5. g3 Bd6 6. Bg2 Nge7 7. 0-0 0-0 8. Re1 Qc7 9. c3 b5 10. Nf1 Rd8 11. Qe2 f6 12. h4 Rb8 13. h5 b4 14. h6 g6 15. Ne3 d4 16. cxd4 cxd4 17. Ng4 Kf7 18. Ng5+ fxg5 19. Qf3+ Nf5 20. Bxg5 Be7 21. Bxe7 Ncxe7 22. exf5 gxf5 23. Ne5+ Kg8 24. Rac1 Qd6 25. Qh5 Rf8 26. Qg5+ 1-0

[Event "HUN-chT2 Maroczy 1314"]
[Site "Hungary"]
[Date "2014.02.02"]
[Round "6"]
[White "Karikas, Marianna"]
[Black "Csatari, Laszlo"]
[Result "1-0"]
[WhiteElo "1842"]
[BlackElo "1628"]
[PlyCount "63"]
[EventDate "2013.09.08"]
[EventType "team-tourn"]
[EventRounds "11"]
[EventCountry "HUN"]
[SourceTitle "EXT 2016"]
[Source "ChessBase"]
[SourceDate "2015.10.08"]
[SourceVersion "1"]
[SourceVersionDate "2015.10.08"]
[SourceQuality "1"]
[WhiteTeam "Hajduboszormeny"]
[BlackTeam "Debrecen SBK"]
[WhiteTeamCountry "HUN"]
[BlackTeamCountry "HUN"]

1. d4 Nf6 2. Nf3 g6 3. Bg5 Bg7 4. Nbd2 d5 5. e3 0-0 6. Be2 Nbd7 7. 0-0 c5 8. c3 b6 9. Rc1 Bb7 10. c4 cxd4 11. exd4 Re8 12. c5 Rc8 13. b4 e5 14. dxe5 Nxe5 15. Nd4 Qe7 16. N2b3 Nc6 17. Bb5 Qe5 18. Nf3 Qe4 19. Bxc6 Bxc6 20. Nbd4 Red8 21. b5 Bd7 22. Re1 Qg4 23. c6 Bf5 24. h3 Qh5 25. Nxf5 gxf5 26. Qd3 h6 27. Bh4 Re8 28. Rxe8+ Nxe8 29. Qxd5 Nf6 30. Bxf6 Bxf6 31. c7 Kh7 32. Qd7 1-0

[Event "HUN-chT2 Toth 1213"]
[Site "Hungary"]
[Date "2013.04.07"]
[Round "10.10"]
[White "Kovacs, Istvan"]
[Black "Csatari, Laszlo"]
[Result "1/2-1/2"]
[WhiteElo "1894"]
[BlackElo "1531"]
[PlyCount "61"]
[EventDate "2012.09.16"]
[EventType "team-tourn"]
[EventRounds "11"]
[EventCountry "HUN"]
[SourceTitle "EXT 2014"]
[Source "ChessBase"]
[SourceDate "2013.11.20"]
[SourceVersion "1"]
[SourceVersionDate "2013.11.20"]
[SourceQuality "1"]
[WhiteTeam "Ujszasz"]
[BlackTeam "Debrecen Sakkbaratok"]
[WhiteTeamCountry "HUN"]
[BlackTeamCountry "HUN"]

1. c4 e5 2. Nc3 Nf6 3. g3 Nc6 4. Bg2 Bc5 5. Na4 Be7 6. Nf3 0-0 7. b3 d6 8. Bb2 Re8 9. d4 exd4 10. 0-0 Rb8 11. Nxd4 Nxd4 12. Qxd4 a6 13. Nc3 Bg4 14. e4 Qc8 15. Nd5 Be6 16. Nxe7+ Rxe7 17. Rfe1 Qe8 18. Qd2 Nd7 19. f4 f6 20. e5 dxe5 21. fxe5 fxe5 22. Bxe5 Nxe5 23. Rxe5 Bf7 24. Rxe7 Qxe7 25. Re1 Qc5+ 26. Kh1 c6 27. Qd7 Qf8 28. Rf1 Qe8 29. Qc7 Bg6 30. Qf4 Rd8 31. Qf2 1/2-1/2